| 000 | 00751cam a22002777 4500 | ||
|---|---|---|---|
| 001 | 105693 | ||
| 005 | 20230410132918.0 | ||
| 008 | 910128s2010 mx 000 0 spa | ||
| 035 | _9(DLC)ltf90032914 | ||
| 035 | _a7241800 | ||
| 010 | _altf90032914 | ||
| 040 |
_aDLC _cDLC _dDLC |
||
| 049 | _aGRAL | ||
| 050 | 1 | 4 |
_aB 128 _bG752ri 2010 |
| 100 | 1 |
_aSmith, Adam, _d1723-1790. |
|
| 130 | 1 | _aGrandes obras del pensamiento. | |
| 245 | 1 | 3 |
_aLa riqueza de las naciones / _cAdams Smith. |
| 260 |
_aMadrid: _bEl País, _c2010. |
||
| 300 |
_a414 p.; _b19cm. |
||
| 440 | 0 | _aGrandes obras del pensamiento. | |
| 600 | 1 | 0 |
_aAdam Smith _ z Escocia _yfilosofía. |
| 650 | 0 | _aEconomía. | |
| 650 | 0 | _aSociología | |
| 942 |
_2lcc _cbk |
||
| 985 |
_fcc19 _genh |
||
| 999 |
_c90066 _d90066 |
||